• 首页
  • 本馆介绍
  • 公告通知
  • 最新文献
  • 馆藏检索
  • 电子资源
  • 读者导购
  • 参考咨询
  • 我的图书馆
  • 登录
  • 详细信息显示
  • 放入我的书架
  • 预约/预借图书
  • 作者相关作品
  • 分类相关作品
  • 丛书相关作品
  • 出版社相关作品

书目信息

  • 表格格式
  • 工作单格式
  • 卡片格式
题名:
心理学实验指导
    
 
作者: 黄希庭 主编
分册:  
出版信息: 北京   人民教育出版社  1988
页数: 594页
开本: 20cm
丛书名:
单 册:
中图分类: B841.4 , B84
科图分类:
主题词: 心理学
电子资源:
ISBN: 7-107-07022-3
000 00719nam0 2200253 45
001 1234891513
005 20120928094350.67
010    @a7-107-07022-3@dCNY3.75
020    @aCN@b89030256
100    @a19911017d1988 em y0chiy0120 ea
101 0  @achi
102    @aCN@b110000
105    @ay z 000yy
200 10 @a心理学实验指导@Axin li xue shi yan zhi dao@f黄希庭主编@Fhuang xi ting zhu bian
210    @a北京@c人民教育出版社@d1988
215    @a594页@d20cm
300    @a高等学校文科教学参考书
540 1  @a心理学 实验@Axin li xue shi yan
606 0  @a心理学
690    @aB841.4@v1980
690    @aB84@v4
701  0 @a黄希庭@Ahuang xi ting@4主编
801  0 @aCN@bTSSF@c19911017
905    @a10447@dB84@eJY28
    
    心理学实验指导/黄希庭主编.-北京:人民教育出版社,1988
    594页;20cm
    高等学校文科教学参考书
    
    ISBN 7-107-07022-3:CNY3.75
    
●
相关链接 在E读中查询图书 在五车中查询图书 在当当中查询图书 在豆瓣中查询图书


正题名:心理学实验指导     索取号:B84/JY28         预约/预借

序号 登录号 条形码 馆藏地/架位号 状态 备注
1 7830008   278300081   学院路分馆/ [索取号:B84/JY28] 在馆    
唐山师范学院图书馆 欢迎您!
大连网信软件有限公司© 版权所有